000 00845nam a2200205Ii 4500
003 JO-AjNU
008 230605s9999||||xx |||||||||||||| ||und||
040 _aJO-AjNU
_bara
_erda
_cJO-AjNU
041 _aara
050 1 4 _aKRM540.I42.1997
100 3 _aإمام ، محمد كمال الدين ,
_eauthor
_935479
245 0 0 _aفي الصياغة التشريعية : دراسة لبعض أحكام الأسرة فى ضوء منهجية التقنين
250 _a(د،ط)
264 3 1 _aالاسكندرية : دار المطبوعات الجامعية ، 1997
300 _a147ص
336 _atext
_btxt
_2rdacontent
337 _aunmediated
_bn
_2rdamedia
338 _avolume
_bnc
_2rdacarrier
650 4 _aالزواج (فقه إسلامي) -- الأحوال الشخصية للمسلمين -- الأسرة في الإسلام
_935480
999 _aA14653
_c18221
_d18221